Vnímanie firemného vzdelávania a motivácia zamestnancov vzdelávať sa

Súvislosti medzi vnímaním vzdelávania sa a motívom vzdelávať sa.

Guardado en:
Detalles Bibliográficos
Autor principal: Birknerová, Zuzana
Otros Autores: Frankovský, Miroslav
Formato: Capítulo de libro
Lenguaje:eslovaco
Materias:
Etiquetas: Agregar Etiqueta
Sin Etiquetas, Sea el primero en etiquetar este registro!

MARC

LEADER 00000naa a2200000 4500
001 0208006
005 20221019174925.1
041 0 |a slo 
044 |a SK 
245 1 0 |a Vnímanie firemného vzdelávania a motivácia zamestnancov vzdelávať sa  |c Zuzana Birknerová, Miroslav Frankovský 
520 |a Súvislosti medzi vnímaním vzdelávania sa a motívom vzdelávať sa. 
610 2 0 |a vzdelávanie celoživotné 
610 2 0 |a zamestnanci 
610 2 0 |a analýza korelačná 
100 1 |a Birknerová, Zuzana 
700 1 |a Frankovský, Miroslav